Cartoon Catchphrases & Character Match Quiz Stats

 Plays Quiz Updated Feb 24, 2016

Challenge
Share
Tweet
Embed
Score 0/35 Timer 06:00
1 Play Today
% Correct
Bugs Bunny
90.8%
Yogi Bear
89.9%
Inspector Gadget
88.9%
Road Runner
87.9%
Fred Flintstone
87.6%
Elmer Fudd
86.2%
Speedy Gonzales
85.8%
Tweety Bird
83%
Bullwinkle Moose
81.5%
Porky Pig
80.1%
Dave Seville
80%
Fat Albert
74.4%
Charlie Brown
73.1%
The Brain
72.3%
Sylvester
70.8%
Tommy Pickles
68.6%
Foghorn Leghorn
68.5%
Yosemite Sam
68.3%
% Correct
Velma Dinkley
67.4%
Shaggy Rogers
67.2%
Michelangelo
64.9%
Underdog
62.9%
Mighty Mouse
61.2%
Winnie-the-Pooh
60.1%
Astro
59.9%
Woody Woodpecker
58.6%
Popeye
51.1%
Doggie Daddy
47%
Huckleberry Hound
46.5%
Darkwing Duck
45.3%
Atom Ant
43.1%
Yakko and Wakko
41.2%
Snagglepuss
40.5%
Quick Draw McGraw
26.6%
Rocky the Flying Squirrel
23%

You're not logged in!

Compare scores with friends on all Sporcle quizzes.
Join for Free
OR
Log In

You Might Also Like...

Show Comments

Extras

Top Quizzes Today


Score Distribution

Your Account Isn't Verified!

In order to create a playlist on Sporcle, you need to verify the email address you used during registration. Go to your Sporcle Settings to finish the process.

Report this User

Report this user for behavior that violates our Community Guidelines.

Details: